<?xml version="1.0" encoding="UTF-8"?><?xml-stylesheet type="text/xsl" href="static/style.xsl"?><OAI-PMH xmlns="http://www.openarchives.org/OAI/2.0/" xmlns:xsi="http://www.w3.org/2001/XMLSchema-instance" xsi:schemaLocation="http://www.openarchives.org/OAI/2.0/ http://www.openarchives.org/OAI/2.0/OAI-PMH.xsd"><responseDate>2026-04-27T13:49:49Z</responseDate><request verb="GetRecord" identifier="oai:uvadoc.uva.es:10324/55191" metadataPrefix="marc">https://uvadoc.uva.es/oai/request</request><GetRecord><record><header><identifier>oai:uvadoc.uva.es:10324/55191</identifier><datestamp>2022-09-20T22:01:39Z</datestamp><setSpec>com_10324_30605</setSpec><setSpec>com_10324_894</setSpec><setSpec>col_10324_41</setSpec></header><metadata><record xmlns="http://www.loc.gov/MARC21/slim" xmlns:doc="http://www.lyncode.com/xoai" xmlns:xsi="http://www.w3.org/2001/XMLSchema-instance" xmlns:dcterms="http://purl.org/dc/terms/" xsi:schemaLocation="http://www.loc.gov/MARC21/slim http://www.loc.gov/standards/marcxml/schema/MARC21slim.xsd">
<leader>00925njm 22002777a 4500</leader>
<datafield tag="042" ind1=" " ind2=" ">
<subfield code="a">dc</subfield>
</datafield>
<datafield tag="720" ind1=" " ind2=" ">
<subfield code="a">Prada García, Aurelio de</subfield>
<subfield code="e">author</subfield>
</datafield>
<datafield tag="260" ind1=" " ind2=" ">
<subfield code="c">2022</subfield>
</datafield>
<datafield tag="520" ind1=" " ind2=" ">
<subfield code="a">Tal y como reza la cita de la Apología platónica que encabeza estas líneas, ya el propio Sócrates habría advertido a sus jueces de que no le iban a tomar en serio al pensar que hablaba de forma irónica, en broma. Pues bien, en este trabajo de tesis doctoral, defenderemos que, hoy por hoy, esa advertencia sigue vigente; que sigue siendo necesario tomar a Sócrates en serio, pensar que no habló irónicamente y todo ello asumiendo expresamente los postulados de la hermenéutica gadameriana. Unos postulados a los que nos referimos en el apartado inicial: “Introducción y cuestiones metodológicas” y según los cuales cabe conocer, desde nuestro propio horizonte de praxis, lo que la tradición nos dice en su sentido propio y diferente, si bien hemos de ser conscientes de la posible aplicación de prejuicios no percibidos, ocultos, que pueden volvernos sordos a eso que la tradición nos dice.</subfield>
</datafield>
<datafield tag="024" ind2=" " ind1="8">
<subfield code="a">https://uvadoc.uva.es/handle/10324/55191</subfield>
</datafield>
<datafield tag="024" ind2=" " ind1="8">
<subfield code="a">10.35376/10324/55191</subfield>
</datafield>
<datafield ind1=" " ind2=" " tag="653">
<subfield code="a">Sócrates</subfield>
</datafield>
<datafield ind1=" " ind2=" " tag="653">
<subfield code="a">Filosofía</subfield>
</datafield>
<datafield ind1=" " ind2=" " tag="653">
<subfield code="a">Filosofía antigua</subfield>
</datafield>
<datafield ind1=" " ind2=" " tag="653">
<subfield code="a">Sócrates - Cuestiones metodológicas</subfield>
</datafield>
<datafield tag="245" ind1="0" ind2="0">
<subfield code="a">El proceso de sócrates: Del “nosotros” al “yo”. Contra el prejuicio individualista no percibido.</subfield>
</datafield>
</record></metadata></record></GetRecord></OAI-PMH>